Southville International School and Colleges
Your cart is empty.
  • Cart
  • Lists
    Public lists Eva Luna New books Lux_list list_1
    Your lists Log in to create your own lists
  • Log in to your account
  • Your cookies
  • Search history
Southville International School and Colleges
  • Advanced search
  • Recent comments
  • Most popular
  • Libraries

Log in to your account

Log in with GOOGLE


If you do not have an external account, but do have a local account, you can still log in:

  1. Home
  2. MARC view: The Tales of Mother Goose :
Normal view MARC view ISBD view

The Tales of Mother Goose : (Record no. 246463)

[ view plain ]
MARC details
000 -LEADER
fixed length control field 01202cam a22003253a 4500
001 - CONTROL NUMBER
control field 17208
003 - CONTROL NUMBER IDENTIFIER
control field PGUSA
005 - DATE AND TIME OF LATEST TRANSACTION
control field 20140828083352.0
008 - FIXED-LENGTH DATA ELEMENTS--GENERAL INFORMATION
fixed length control field 051203s2005||||xxu|||||s|||||000 | eng d
040 ## - CATALOGING SOURCE
Original cataloging agency PGUSA
Language of cataloging eng
042 ## - AUTHENTICATION CODE
Authentication code dc
050 #4 - LIBRARY OF CONGRESS CALL NUMBER
Classification number PZ
050 #4 - LIBRARY OF CONGRESS CALL NUMBER
Classification number PQ
100 1# - MAIN ENTRY--PERSONAL NAME
Personal name Perrault, Charles,
Dates associated with a name 1628-1703
245 14 - TITLE STATEMENT
Title The Tales of Mother Goose :
Remainder of title As First Collected by Charles Perrault in 1696
Medium [electronic resource] /
Statement of responsibility, etc Charles Perrault
260 ## - PUBLICATION, DISTRIBUTION, ETC. (IMPRINT)
Name of publisher, distributor, etc Project Gutenberg,
Date of publication, distribution, etc 2005
505 0# - FORMATTED CONTENTS NOTE
Formatted contents note Cinderella, or the Little Glass Slipper -- The Sleeping Beauty in the Wood -- Little Thumb -- The Master Cat, or Puss in Boots -- Riquet of the Tuft -- Blue Beard -- The Fairy -- Little Red Riding-hood.
506 ## - RESTRICTIONS ON ACCESS NOTE
Terms governing access Public domain in the USA.
516 ## - TYPE OF COMPUTER FILE OR DATA NOTE
Type of computer file or data note Electronic text
653 ## - INDEX TERM--UNCONTROLLED
Uncontrolled term Fairy tales
653 ## - INDEX TERM--UNCONTROLLED
Uncontrolled term Children's stories, French -- Translations into English
653 ## - INDEX TERM--UNCONTROLLED
Uncontrolled term Fairy tales -- France
700 1# - ADDED ENTRY--PERSONAL NAME
Personal name Munro, D. J.
700 1# - ADDED ENTRY--PERSONAL NAME
Personal name Welsh, Charles,
Dates associated with a name 1850-1914
700 1# - ADDED ENTRY--PERSONAL NAME
Personal name O'Shea, M. V.
Fuller form of name (Michael Vincent),
Dates associated with a name 1866-1932
700 1# - ADDED ENTRY--PERSONAL NAME
Personal name Doré, Gustave,
Dates associated with a name 1832-1883
830 #0 - SERIES ADDED ENTRY--UNIFORM TITLE
Uniform title Project Gutenberg
Volume number/sequential designation 17208
856 40 - ELECTRONIC LOCATION AND ACCESS
Uniform Resource Identifier <a href="http://www.gutenberg.org/ebooks/17208">http://www.gutenberg.org/ebooks/17208</a>
942 ## - ADDED ENTRY ELEMENTS (KOHA)
Koha item type eBooks
Holdings
Withdrawn status Lost status Damaged status Home library Current library Date acquired Total Checkouts Date last seen Price effective from Koha item type
      Project Gutenberg Project Gutenberg 08/28/2014   08/28/2014 08/28/2014 eBooks

The Tales of Mother Goose :

APA

Perrault C., Munro D. J., Welsh C., O'Shea M. V. & Doré G. (2005). The Tales of Mother Goose. : Project Gutenberg.

Chicago

Perrault Charles, Munro D J, Welsh Charles, O'Shea M V and Doré Gustave. 2005. The Tales of Mother Goose. : Project Gutenberg.

Harvard

Perrault C., Munro D. J., Welsh C., O'Shea M. V. and Doré G. (2005). The Tales of Mother Goose. : Project Gutenberg.

MLA

Perrault Charles, Munro D J, Welsh Charles, O'Shea M V and Doré Gustave. The Tales of Mother Goose. : Project Gutenberg. 2005.

  • Place hold
  • Print
  • Cite
  • Add to your cart (remove)
  • Save record
    BIBTEX Dublin Core MARCXML MARC (non-Unicode/MARC-8) MARC (Unicode/UTF-8) MARC (Unicode/UTF-8, Standard) MODS (XML) RIS
  • More searches
    Search for this title in:
    Other Libraries (WorldCat) Other Databases (Google Scholar) Online Stores (Bookfinder.com) Open Library (openlibrary.org)

Exporting to Dublin Core...

SOUTHVILLE LIBRARY

Southville International School and Colleges Library

1281 Tropical Ave. Cor. Luxembourg St., BF Homes International, Las Pinas City

Tel. No. 8256374 / 252358 Loc. 117/146

Powered by Koha